01164nam a2200241 a 450000100100000000500170001000800410002702000180006804000250008608200150011110000430012624501530016926000530032230000270037550000470040259000260044970000360047570000340051195201280054595201130067395201190078699900170090500004792620201002060818.0181004s2017 dr a 000 0 spa d a9789945605143 aDO-SdBNPbspacBNPHU axxxxbxxxx1 aJesús de la Rosa, María del92983310aCaligrafía popular 6 :bnivel primario /cMaría del Jesús de la Rosa ; corrección de texto Danilda Pérez ; ilustración Ramón Sandoval. aSanto Domingo :bActualidad Escolar 2000,c2017. a72 p. :bil. ;c28 cm. aLa bibliioteca posee la reimpresión 2018 aInventariado, 2018/LP1 aPérez, Danilda,ecorr.9737781 aSandoval, Ramón,eil910955 001054708DSaGRbGRcHDd2018-10-04iLF1l0oxxxx xxxxp47926-30r2020-06-25te. 3w2020-06-25yLFDSZPréstamo en sala 0010718PDaPDbPDcHDd2018-10-04iLF1l0oxxxx xxxxp47926-10r2020-06-25w2020-06-25yLFPDZNo se presta 0010718PDaPDbPDcHDd2018-10-04iLF1l0oxxxx xxxxp47926-20r2020-06-25te. 2w2020-06-25yLFPDZNo se presta c47414d47414